1374 1977 1660 1150 1000 1489 1402 1005 1850 1089 1895 1449 1057 1179 1706 1507 1906 1132 1050 1737 1304 1350 1964 1225 1088 1589 1960 1075 1780 1262 1492 1566 1252 1964 1981 1353 1927 1993 1058 1704 1532 1130 1330 1509 1459 1596 1540 1349 1860 1095 1011 1126 1151 1828 1337 1356 1824 1361 1691 1264 1641 1101 1022 1974 1762 1723 1517 1712 1970 1878 1071 1176 1719 1049 1408 1560 1173 1230 1112 1077 1272 1648 1651 1457 1901 1928 1568 1868 1642 1697 1230 1099 1919 1600 1533 1905 1479 1595 1914 BCNSPRNW ULIB Ver.6.0+V

เปลี่ยนเป็นภาษาไทย

Change to English
 แสดงรายละเอียดบรรณานุกรม
  กลับหน้าหลัก

Brief Record : Get Marc (ISO 2709) : E-mail record : QR code < ปิดหน้าต่าง
LEADER : 00000nam 2200000uu 4500
001    13399107858
003     ULIB
008    110208s2548||||th 000 0 tha d
020    9744659467
060  0 ^aWZ100^bส583ล 2548
100 0  สันติสุข โสภณสิริ
245 00 ลูกผู้ชายชื่อบรรลุ: อนุทินชีวิต นายแพทย์บรรลุ ศิริพานิช เปาบุ้นจิ้นแห่งวงการสาธารณสุข ^cสันติสุข โสภรณ์สิริ
260    กรุงเทพฯ : ^bมูลนิธิแพทย์ชนบท ร่วมกับสำนักงานกองทุนสนับสนุนการสร้างเสริมสุขภาพ,^c 2548
300    325 หน้า:^bภาพประกอบ.
650  7 นายแพทย์บรรลุ ศิริพานิช^xชีวประวัติ
945    ^p0^l0^i019535
995    เกษร
999 ^a ใช้งานได้ทุกระบบ
รายการนี้ยังไม่มีแท็ก
คุณยังไม่ได้ล็อกอิน คุณสามารถมีกิจกรรมร่วมกับเว็บไซต์ได้ แต่ต้องล็อกอินก่อน ::
  ล็อกอิน

รายการสื่อสารสนเทศ

ลำดับที่ ประเภท เลขเรียก/บาร์โค้ด สถานที่ สถานะ
- ไม่พบข้อมูล -

BibComment


ยังไม่เคยถูกคอมเมนท์

คอมเมนท์ทรัพยากรรายการนี้
  คอมเมนท์: ลูกผู้ชายชื่อบรรล..


 Copyright 2026. Bcnsprnw @Library